PLAVE all songs(2024 update) - Statistics

General Stats
  • This quiz has been taken 28 times
  • The average score is 10 of 12
Answer Stats
Hint Answer % Correct
ASTERUM Wait For You
95%
ASTERUM : The Shape of Things to Come The 6th Summer
90%
Digital single Why?
90%
ASTERUM Pixel World
85%
ASTERUM : 134-1 Way 4 Luv
85%
ASTERUM : 134-1 Our Movie
80%
ASTERUM : 134-1 Watch Me Woo!
80%
ASTERUM : The Shape of Things to Come Dear.PLLI
75%
ASTERUM : 134-1 From
75%
2nd digital single Merry Pllistmas
75%
ASTERUM : The Shape of Things to Come I Just Love Ya
70%
ASTERUM : 134-1 Virtual Idol
70%
No matching quizzes found
Score Distribution
Percent of People with Each Score
Percentile by Number Answered
Your Score History
You have not taken this quiz